书目信息 |
| 题名: |
将革命进行到底
|
|
| 作者: | 毛泽东 著 | |
| 分册: | ||
| 出版信息: | 北京 人民出版社 1976 |
|
| 页数: | 15页 | |
| 开本: | 20cm | |
| 丛书名: | ||
| 单 册: | ||
| 中图分类: | A425 | |
| 科图分类: | ||
| 主题词: | 毛泽东著作--单行本--1948 | |
| 电子资源: | ||
| ISBN: | ||
| 000 | 00574nam0 2200217 45 | |
| 001 | 0176003985 | |
| 005 | 20060816171926.40 | |
| 010 | @dCNY0.06 | |
| 091 | @aCN@b1001.1101 | |
| 100 | @a19950109d1976 em y0chiy0121 ea | |
| 101 | 0 | @achi |
| 102 | @aCN@b110000 | |
| 105 | @ay z 000yy | |
| 200 | 10 | @a将革命进行到底@Ajiang ge ming jin xing dao di@f毛泽东著 |
| 210 | @a北京@c人民出版社@d1976 | |
| 215 | @a15页@d20cm | |
| 606 | @a毛泽东著作@x单行本@z1948 | |
| 690 | @aA425@v3 | |
| 701 | 0 | @a毛泽东@Amao ze dong@4著 |
| 801 | 0 | @aCN@bTSSF@c20060816 |
| 905 | @a10447@dA425@e134 | |
| 将革命进行到底/毛泽东著.-北京:人民出版社,1976 |
| 15页;20cm |
| ISBN :CNY0.06 |
| ● |
| 相关链接 |
|
|
|
|
正题名:将革命进行到底
索取号:A425/134
 
预约/预借
| 序号 | 登录号 | 条形码 | 馆藏地/架位号 | 状态 | 备注 |
| 1 | 0465105 | 204651055 | 密集书库/ [索取号:A425/134] | 在馆 |